| 000 | 00731nam a22002412a 4500 | ||
|---|---|---|---|
| 001 | 22319 | ||
| 003 | BD-RjUL | ||
| 005 | 20211209000807.0 | ||
| 008 | 140306r19541946enk 000 0 eng u | ||
| 035 | _a(BD-RjUL)22384 | ||
| 040 |
_aKSU _dOCL _dEIS _dEQO _dBD-RjUL _beng _cBD-RjUL |
||
| 041 | 1 | _aengfre | |
| 082 |
_a843.8 _bMAB |
||
| 090 |
_aPQ2349 _b.A2x 1956b |
||
| 100 | 1 |
_aMaupassant, Guy de, _d1850-1893. _968914 |
|
| 245 | 1 | 0 |
_aBoule de Suif : _band other stories. / _cTrans. by H.N.P. Sloman. |
| 260 |
_aHarmondsworth, Middlesex : _bPenguin Books, _c1946 [reprinted 1954] |
||
| 300 |
_a229 p. ; _c19 cm. |
||
| 490 | 1 |
_aPenguin classics ; _vL2 |
|
| 830 | 0 |
_vL2. _968919 |
|
| 830 | 0 |
_aPenguin classics ; _968920 |
|
| 942 |
_2ddc _cBK |
||
| 999 |
_c22319 _d22319 |
||